[Event "New York 1000 GM Winter GM-B"]
[Site "New York"]
[Date "2024.01.12"]
[Round "3"]
[White "Luo, Terry"]
[Black "Levine, Joseph1"]
[Result "1/2-1/2"]
[WhiteElo "2342"]
[BlackElo "2376"]
[PlyCount "73"]
[EventDate "2024.01.11"]
[EventType "tourn"]
[EventRounds "9"]
[EventCountry "USA"]
[EventCategory "6"]
[SourceTitle "CB04_2024"]
[SourceDate "2023.10.16"]
[SourceVersion "1"]
[SourceVersionDate "2023.10.16"]
[SourceQuality "1"]

1. d4 Nf6 2. c4 e6 3. Nc3 Bb4 4. e3 0-0 5. Bd3 d5 6. Nge2 c5 7. cxd5 cxd4 8. exd4 exd5 9. 0-0 Bg4 10. Bg5 Be7 11. h3 Bxe2 12. Bxe2 h6 13. Be3 Nc6 14. Rc1 Qd7 15. a3 Rad8 16. b4 Bd6 17. Na4 Ne4 18. Nc5 Qe7 19. Bb5 Nb8 20. Re1 b6 21. Nd3 Qf6 22. Qh5 Rc8 23. Ne5 Rxc1 24. Rxc1 Qe6 25. Ba4 a5 26. Nd3 axb4 27. axb4 Nf6 28. Qf3 Rc8 29. Rxc8+ Qxc8 30. Bxh6 Qc3 31. Bf4 Bxf4 32. Qxf4 Na6 33. Qc1 Qxc1+ 34. Nxc1 Nxb4 35. f3 Kf8 36. Kf2 Ke7 37. h4 1/2-1/2

[Event "Titled Tuesday intern op 20th Jun Early"]
[Site "Chess.com INT"]
[Date "2023.06.20"]
[Round "2"]
[White "Csonka, Balazs"]
[Black "Luo, Terry"]
[Result "0-1"]
[WhiteElo "2497"]
[BlackElo "2353"]
[PlyCount "142"]
[EventDate "2023.06.20"]
[EventType "swiss (blitz)"]
[EventRounds "11"]
[EventCountry "USA"]
[SourceTitle "EXT 2024"]
[Source "ChessBase"]
[SourceDate "2023.10.10"]
[SourceVersion "1"]
[SourceVersionDate "2023.10.10"]
[SourceQuality "1"]

1. d4 Nf6 2. c4 g6 3. g3 Bg7 4. Bg2 0-0 5. Nc3 d6 6. Nf3 c5 7. d5 e6 8. 0-0 exd5 9. cxd5 a6 10. a4 Nbd7 11. h3 Re8 12. Bf4 Qc7 13. Re1 Nh5 14. Bg5 h6 15. Bc1 Ne5 16. Nxe5 Rxe5 17. e4 Re8 18. Be3 Bd7 19. Qd2 Kh7 20. a5 b5 21. axb6 Qxb6 22. g4 Nf6 23. f4 Rab8 24. Ra2 Bb5 25. Rea1 Bc4 26. Ra4 Bb5 27. Nxb5 Qxb5 28. R1a2 c4 29. Qc2 Qb3 30. Qxb3 Rxb3 31. Bd4 Nxe4 32. Bxg7 Kxg7 33. Rxa6 c3 34. bxc3 Nxc3 35. Rf2 Re1+ 36. Kh2 Nb5 37. f5 gxf5 38. Rxf5 Rb2 39. Kg3 Rg1 40. Rf2 Rb3+ 41. Kh2 Re1 42. Rb6 Re7 43. Bf1 Nd4 44. Rxd6 Rbe3 45. Rdf6 Rd7 46. d6 Re6 47. Rxe6 Nxe6 48. Rd2 Kf6 49. Bb5 Rd8 50. Kg3 Ke5 51. Kf3 Nd4+ 52. Rxd4 Kxd4 53. d7 Kc5 54. Ba4 Kd6 55. Kf4 Ke6 56. Ke4 Ra8 57. Bc6 Rb8 58. Bd5+ Ke7 59. Bc6 Rb4+ 60. Kd5 Rb3 61. h4 Rh3 62. g5 Rxh4 63. gxh6 Rxh6 64. Kc5 f5 65. Ba4 f4 66. Kd4 Re6 67. Bb5 f3 68. Bc4 Re1 69. Kc3 f2 70. Kd2 f1Q 71. Bxf1 Rxf1 0-1

[Event "New York Mem Day 1000 GM IM-B"]
[Site "New York"]
[Date "2023.05.26"]
[Round "2.2"]
[White "Luo, Terry"]
[Black "Ansh, M Shah"]
[Result "1-0"]
[WhiteElo "2321"]
[BlackElo "2171"]
[PlyCount "131"]
[EventDate "2023.05.25"]
[EventType "schev"]
[EventRounds "9"]
[EventCountry "USA"]
[SourceTitle "CBM 214 Extra"]
[Source "ChessBase"]
[SourceDate "2023.07.31"]
[SourceVersion "1"]
[SourceVersionDate "2023.07.31"]
[SourceQuality "1"]
[WhiteTeam "Team D"]
[BlackTeam "Team B"]
[WhiteTeamCountry "USA"]
[BlackTeamCountry "USA"]

1. d4 Nf6 2. c4 e6 3. Nf3 d5 4. g3 Be7 5. Bg2 0-0 6. 0-0 dxc4 7. Qc2 a6 8. a4 Bd7 9. Qxc4 Bc6 10. Bg5 Nbd7 11. a5 Bd5 12. Qc2 Be4 13. Qc1 h6 14. Bxf6 Nxf6 15. Nbd2 Bc6 16. Qc2 Nd5 17. Rfd1 Nb4 18. Qc3 Rc8 19. e4 Qe8 20. Ne5 Bb5 21. Ndc4 Nc6 22. Nxc6 Qxc6 23. Ne3 Qe8 24. e5 b6 25. b4 Rb8 26. d5 exd5 27. Nxd5 c5 28. bxc5 Bxc5 29. Nc7 Qc8 30. Nxb5 axb5 31. Rdc1 Qf5 32. Qc2 Qxc2 33. Rxc2 Bd4 34. Rd1 Rbd8 35. Rcd2 Bxf2+ 36. Kxf2 Rxd2+ 37. Rxd2 bxa5 38. Bc6 Rb8 39. Rd5 b4 40. Rxa5 b3 41. Ra8 Rxa8 42. Bxa8 b2 43. Be4 Kf8 44. Ke3 Ke7 45. Bb1 Ke6 46. Ke4 f5+ 47. exf6 Kxf6 48. Kf4 Ke6 49. Kg4 Kf6 50. Kh5 Kf7 51. Kg4 Kf6 52. Kf4 Ke6 53. h3 Kf6 54. h4 Ke6 55. g4 Kf6 56. g5+ Kf7 57. Kf5 Kf8 58. Kg6 Kg8 59. Ba2+ Kh8 60. Kf7 hxg5 61. hxg5 Kh7 62. Bb1+ g6 63. Kf6 Kg8 64. Kxg6 Kh8 65. Kh6 Kg8 66. g6 1-0

[Event "Titled Tuesday intern op 16th May Late"]
[Site "Chess.com INT"]
[Date "2023.05.16"]
[Round "3"]
[White "Harish, Neeraj"]
[Black "Luo, Terry"]
[Result "1-0"]
[WhiteElo "2232"]
[BlackElo "2321"]
[PlyCount "99"]
[EventDate "2023.05.16"]
[EventType "swiss (blitz)"]
[EventRounds "11"]
[EventCountry "USA"]
[SourceTitle "CBM 214 Extra"]
[Source "ChessBase"]
[SourceDate "2023.07.31"]
[SourceVersion "1"]
[SourceVersionDate "2023.07.31"]
[SourceQuality "1"]

1. e4 e5 2. Nf3 Nc6 3. Bc4 Bc5 4. 0-0 Nf6 5. d3 d6 6. c3 a6 7. a4 Ba7 8. Nbd2 h6 9. Re1 g5 10. b4 g4 11. Nh4 Nxe4 12. Nxe4 Qxh4 13. g3 Qe7 14. d4 f5 15. Nd2 e4 16. Nf1 Be6 17. Bxe6 Qxe6 18. d5 Qd7 19. dxc6 Qxc6 20. Be3 Bxe3 21. Nxe3 0-0-0 22. c4 Rdf8 23. b5 Qc5 24. bxa6 bxa6 25. Ng2 h5 26. Qd5 Qxd5 27. cxd5 Kd7 28. Nf4 Rb8 29. Rab1 a5 30. Kf1 Rhc8 31. Nxh5 Rxb1 32. Rxb1 Rh8 33. Ng7 Rxh2 34. Kg1 Rh6 35. Nxf5 Rh5 36. Ne3 Rg5 37. Kf1 Rh5 38. Ke2 Rg5 39. Rb5 Kc8 40. Rxa5 c6 41. Ra6 cxd5 42. Rxd6 Kc7 43. Rxd5 Rg6 44. Re5 Kd6 45. Rxe4 Rg5 46. Rxg4 Ra5 47. Rd4+ Ke5 48. Rd5+ Rxd5 49. Nxd5 Kxd5 50. g4 1-0